Normal view
MARC view
- التجارة الخارجية - اتفاقيات خارجية
Entry Topical Term
001 - CONTROL NUMBER
- control field: 48515
003 - CONTROL NUMBER IDENTIFIER
- control field: JO-AjAnu
005 - DATE AND TIME OF LATEST TRANSACTION
- control field: 20230606082012.0
008 - FIXED-LENGTH DATA ELEMENTS
- fixed length control field: 230606|| aca||aabn | a|a d
040 ## - CATALOGING SOURCE
- Original cataloging agency: JO-AjAnu
- Transcribing agency: JO-AjAnu
150 ## - HEADING--TOPICAL TERM
- Topical term or geographic name entry element: التجارة الخارجية - اتفاقيات خارجية
670 ## - SOURCE DATA FOUND
- Source citation: Work cat.: (JO-AjAnu)24819: مركز التجارة الدولية (جنيف - سويسرا) , author 48514, دليل دوائر الأعمال إلى النظام التجاري العالمي